| 000 | 00900nam a2200277Ia 4500 | ||
|---|---|---|---|
| 003 | GCL | ||
| 008 | 140319s9999 xx 000 0 ara d | ||
| 040 |
_aGCL / _cGCL |
||
| 082 | 0 | 4 |
_aق _b962 _bح م |
| 100 | 1 | _aحلمى احمد شلبى | |
| 245 | 1 | 0 |
_aالموظفون فىمصر فى عصر محمد على (30) / _cحلمى احمد شلبى |
| 260 |
_a[S.N] : _bالهيئة المصرية العامة للكتاب ، _c1989 |
||
| 300 | _a135 ص | ||
| 490 |
_aتاريخ المصريين _v0 |
||
| 650 | 0 | 4 | _aالعصر الحديث |
| 650 | 0 | 4 | _aمصر |
| 650 | 0 | 4 | _aتاريخ |
| 650 | 0 | 4 | _aالاحوال الاجتماعية |
| 650 | 0 | 4 | _aالموظفون |
| 650 | 0 | 4 | _aالمجتمع المصرى |
| 650 | 0 | 4 | _aرجال الدولة |
| 650 | 0 | 4 | _aالوزراء |
| 650 | 0 | 4 | _aالهيئات والمؤسسات |
| 650 | 0 | 4 | _aالنظام الادارى |
| 942 |
_2ddc _cBK |
||
| 999 |
_c52318 _d52318 |
||